| 000 | 01092cam a2200337 i 4500 | ||
|---|---|---|---|
| 999 |
_c200451093 _d69305 |
||
| 001 | 200451093 | ||
| 003 | TR-AnTOB | ||
| 005 | 20230621171318.0 | ||
| 007 | ta | ||
| 008 | 030307s1995 tu bd 000 0 tur d | ||
| 020 | _a9757307084 | ||
| 035 | _a(TR-AnTOB)200451093 | ||
| 040 |
_aBGZ _beng _erda _cBGZ _dTR-AnTOB |
||
| 041 | 0 | _atur | |
| 050 | 4 |
_aHC420.5 _b.K393 1995 |
|
| 090 |
_aHC420.5 _b.K393 1995 |
||
| 245 | 0 | 0 | _aKazakistan ülke raporu. |
| 264 | 1 |
_aAnkara : _bTİKA, _c1995. |
|
| 300 |
_a96 pages : _bmap, tables ; _c24 cm |
||
| 336 |
_atext _btxt _2rdacontent |
||
| 337 |
_aunmediated _bn _2rdamedia |
||
| 338 |
_avolume _bnc _2rdacarrier |
||
| 651 | 7 |
_aKazakistan _xEkonomik durum _2etuturkob _911853 |
|
| 651 | 7 |
_aKazakistan _xDış ekonomik ilişkiler _zTürkiye _2etuturkob _9135325 |
|
| 651 | 7 |
_aTürkiye _xDış ekonomik ilişkiler _zKazakistan _2etuturkob _9135326 |
|
| 651 | 7 |
_aKazakistan _xSiyaset ve yönetim _2etuturkob _912106 |
|
| 710 | 2 |
_aTürk İşbirliği ve Kalkınma Ajansı _933966 |
|
| 942 |
_2lcc _cBK |
||